Statistics for NBA Players Traded during their All-Star Season since 2000

Click here to take the quiz!

General Stats

  • This quiz has been taken 47 times
  • The average score is 8 of 10

Answer Stats

Year Traded From Traded To Answer % Correct
2016-17Sacramento KingsNew Orleans PelicansDemarcus Cousins
95%
2010-11Denver NuggetsNew York KnicksCarmelo Anthony
95%
2008-09Denver NuggetsDetroit PistonsAllen Iverson
88%
2004-05Toronto RaptorsNew Jersey NetsVince Carter
88%
2007-08New Jersey NetsDallas MavericksJason Kidd
83%
2008-09Detroit PistonsDenver NuggetsChauncey Billups
81%
2010-11Utah JazzNew Jersey NetsDeron Williams
64%
2002-03Seattle SupersonicsMilwaukee BucksGary Payton
52%
2000-01Atlanta HawksPhiladelphia 76ersDikembe Mutombo
52%

Score Distribution

Percentile by Number Answered

Percent of People with Each Score

Your Score History

You have not taken this quiz